000 00694nam a2200277Ia 4500
005 20260324140547.0
008 008 260324s9999 xx 000 0 eng d
020 _a9780429219733
037 _aEBOOK
040 _aCRL
040 _beng
040 _cCRL
041 _2eng
041 _aeng
084 _qCRL
100 _aHywel Williams; H. John Smith
_91204868
245 0 _aSmith and Williams' Introduction to the Principles of Drug Design and Action
260 _bTaylor and Francis
260 _c1998
365 _a
365 _b275
856 _uhttp://www.taylorfrancis.com/books/9780429219733
942 _cEBOOK
999 _c1807063
_d1807063